00650cam a22002291 4500001001300000003000400013005001700017008004100034010001700075035002000092040002300112042001200135050002000147100003300167245008700200250002400287260004900311300001800360500001400378500001100392999001700403sa 66008010 DLC20260227112309.0891030s1965 ii 000 0 hino  asa 66008010  a(OCoLC)20572095 aDLCcWaUdNRUdDLC apremarc00aPK2098.B295bD51 aBaijal, Shiam Narain,d1913-10aDiśāoṃ kā pahalā ākāśa. [Lekhaka] Śyāmanārāyaṇa Baijala. a[1. saṃskaraṇa. aBarelī,bPārvatī Prakāśana,c1965] a66 p.c22 cm. aIn Hindi. aPoems. c71575d71575